000 00349nam a22001337a 4500
020 _a0-07-001671-2
082 _a629.132306 AND'H
100 _aANDERSON, JOHN D
_91520
245 _aHYPERSONIC AND HIGH TEMPERATURE GAS DYNAMICS
260 _aNEWYORK
_bMCGRAW HILL
_c1989
300 _a690P
650 _aAERDYNAMICS HYPERSONIC
_966023
942 _cBK
999 _c574071
_d574071